000
00309nam a2200133Ia 4500
008
191201s2014 xx 000 0 und d
100
_a
MEHTA, P L
245
0
_a
Managerial Economics
250
_a
12th
260
_c
2014
_b
S Chand and Co. Ltd.
_a
New Delhi
300
_a
820
650
_a
MBA
942
_2
ddc
_c
BB
999
_c
7612
_d
7612